000 00399nam a22001457a 4500
005 20260317141401.0
020 _a9789360614645
082 _a658.532
_bRAM.S
100 _aRamesh Chandra Kashyap
_911987
245 _aStatistical Quality Control
_cRamesh Chandra Kashyap
260 _aNew Delhi
_bPinakin Publishing
_c2024
300 _a256p.
650 _aStatistics | TQM
_911988
942 _2ddc
_cBK
999 _c757750
_d757750